Statistics for La Liga Top Scorers

Click here to take the quiz!

General Stats

  • This quiz has been taken 3,134 times
    (499 since last reset)
  • The average score is 25 of 44

Answer Stats

YearGoalsNationalityAnswer% Correct
2014/1548PortugalCristiano Ronaldo
100%
2010/1140PortugalCristiano Ronaldo
100%
2013/1431PortugalCristiano Ronaldo
100%
2012/1346ArgentinaLionel Messi
100%
2017/1834ArgentinaLionel Messi
100%
2011/1250ArgentinaLionel Messi
100%
2020/2130ArgentinaLionel Messi
100%
2019/2025ArgentinaLionel Messi
100%
2009/1034ArgentinaLionel Messi
100%
2018/1936ArgentinaLionel Messi
100%
2016/1737ArgentinaLionel Messi
100%
2003/0424BrazilRonaldo
99%
1996/9734BrazilRonaldo
99%
2015/1640UruguayLuis Suárez
97%
2022/2323PolandRobert Lewandowski
94%
2021/2227FranceKarim Benzema
89%
2004/0525Cameroon/UruguayDiego Forlán/Samuel Eto'o
88%
2005/0626CameroonSamuel Eto'o
84%
2008/0932UruguayDiego Forlán
76%
1998/9925SpainRaúl
71%
2000/0124SpainRaúl
71%
1986/8734MexicoHugo Sánchez
59%
1987/8829MexicoHugo Sánchez
59%
1984/8519MexicoHugo Sánchez
59%
1989/9038MexicoHugo Sánchez
59%
1985/8622MexicoHugo Sánchez
59%
2006/0725NetherlandsRuud van Nistelrooy
50%
1993/9430BrazilRomario
35%
1990/9119SpainEmilio Butragueño
29%
1997/9824ItalyChristian Vieri
17%
2007/0827SpainDani Güiza
17%
2002/0329NetherlandsRoy Makaay
17%
1994/9528ChileIván Zamorano
14%
1992/9329BrazilBebeto
13%
2001/0220SpainDiego Tristán
8%
1983/8417Spain/UruguayJorge da Silva/Juanito
7%
1995/9631ArgentinaJuan Antonio Pizzi
4%
1980/8120SpainQuini
4%
1981/8227SpainQuini
4%
1979/8024SpainQuini
4%
1999/0027SpainSalva Ballesta
4%
1991/9227SpainManolo
3%
1988/8935BrazilBaltazar
2%
1982/8320SpainPoli Rincón
2%

Score Distribution

Percentile by Number Answered

Percent of People with Each Score

Your Score History

You have not taken this quiz since the last reset